[Event "Florence op-B 6th"]
[Site "Florence"]
[Date "2012.11.04"]
[Round "7"]
[White "Moroni, Fabrizio"]
[Black "Fornai, Francesco"]
[Result "1-0"]
[WhiteElo "1137"]
[BlackElo "1476"]
[PlyCount "87"]
[EventDate "2012.11.01"]
[EventType "swiss"]
[EventRounds "7"]
[EventCountry "ITA"]
[SourceTitle "EXT 2024"]
[Source "ChessBase"]
[SourceDate "2023.10.10"]
[SourceVersion "1"]
[SourceVersionDate "2023.10.10"]
[SourceQuality "1"]

1. d4 d5 2. e3 a6 3. c4 e6 4. a3 c5 5. dxc5 Bxc5 6. Bd2 Nf6 7. Nf3 0-0 8. Be2 Re8 9. 0-0 e5 10. cxd5 e4 11. Ne1 Qxd5 12. f3 Bxe3+ 13. Bxe3 Qe5 14. Nc3 exf3 15. Rxf3 Bg4 16. Bd4 Qe6 17. Rf2 Bf5 18. Bxf6 Qxf6 19. Nf3 Nc6 20. Rf1 Rad8 21. Qe1 Bd3 22. Rf2 Rd6 23. Qf1 Bg6 24. Rd1 Rde6 25. Bd3 Bh5 26. Re2 Ne5 27. Be4 Ng4 28. h3 Nh6 29. Rde1 Nf5 30. Bxf5 Rxe2 31. Rxe2 Rxe2 32. Qxe2 g6 33. Be4 g5 34. g4 Bg6 35. Bxg6 Qxg6 36. Qe4 Qb6+ 37. Qd4 Qxb2 38. Nxg5 Qc1+ 39. Kg2 Qxg5 40. Qd5 Qg6 41. Ne4 Qb6 42. Kf3 Kf8 43. Qd6+ Qxd6 44. Nxd6 1-0

[Event "Florence op-B 6th"]
[Site "Florence"]
[Date "2012.11.01"]
[Round "2"]
[White "Belli, Marco"]
[Black "Moroni, Fabrizio"]
[Result "1-0"]
[WhiteElo "1488"]
[BlackElo "1137"]
[PlyCount "113"]
[EventDate "2012.11.01"]
[EventType "swiss"]
[EventRounds "7"]
[EventCountry "ITA"]
[SourceTitle "EXT 2024"]
[Source "ChessBase"]
[SourceDate "2023.10.10"]
[SourceVersion "1"]
[SourceVersionDate "2023.10.10"]
[SourceQuality "1"]

1. e4 e5 2. Nf3 d6 3. d4 exd4 4. Nxd4 Bd7 5. Bc4 Nc6 6. Nf3 h6 7. Nc3 Be6 8. Bxe6 fxe6 9. 0-0 Nf6 10. b3 Be7 11. Bb2 0-0 12. Qe2 Nb8 13. Rad1 Nbd7 14. Rfe1 c6 15. e5 Nd5 16. exd6 Nxc3 17. Bxc3 Bf6 18. Qxe6+ Kh8 19. Bxf6 Rxf6 20. Qe7 Rf8 21. Qxd8 Raxd8 22. Re7 a5 23. Nd4 Rfe8 24. Rxe8+ Rxe8 25. Kf1 Nf6 26. Nf5 Kh7 27. Ne7 Rd8 28. f3 Ne8 29. c4 Rxd6 30. Rxd6 Nxd6 31. Ke2 g6 32. c5 Nb5 33. Nc8 Nc3+ 34. Kd3 Nxa2 35. Nd6 Nb4+ 36. Kc4 b5+ 37. cxb6 Na6 38. Nb7 Kg7 39. Nxa5 Kf6 40. Nxc6 Ke6 41. Kb5 Kd6 42. Kxa6 Kxc6 43. Ka7 Kc5 44. b7 Kd4 45. b8Q Ke3 46. Qe5+ Kf2 47. Qb2+ Ke3 48. b4 h5 49. h4 Kf4 50. Qf6+ Kg3 51. Qg5+ Kh2 52. b5 Kh1 53. b6 Kh2 54. b7 Kg1 55. b8Q Kh1 56. Qgg3 g5 57. Qb1# 1-0